[Event "FICGS W-ch st1 g01 email"]
[Site "FICGS email"]
[Date "2018.03.02"]
[Round "1"]
[White "Csoma, Robert"]
[Black "Duenas, Alexis"]
[Result "0-1"]
[WhiteElo "1312"]
[BlackElo "1750"]
[PlyCount "38"]
[EventDate "2018.??.??"]
[EventType "tourn (corr)"]
[EventRounds "8"]
[SourceTitle "Corr 2022"]
[Source "ChessBase"]
[SourceDate "2021.10.24"]
[SourceVersion "1"]
[SourceVersionDate "2021.10.24"]
[SourceQuality "1"]

1. Nf3 d5 2. d4 Nf6 3. c4 c6 4. Nc3 e6 5. e3 Nbd7 6. Bd3 dxc4 7. Bxc4 b5 8. Bd3 Bb7 9. 0-0 a6 10. a3 c5 11. b3 Bd6 12. e4 cxd4 13. Nxd4 Qc7 14. Bb2 Bxh2+ 15. Kh1 Be5 16. Nde2 Ng4 17. Rc1 Bxc3 18. g3 Qe5 19. Nf4 Bxb2 0-1

[Event "FICGS W-ch st1 g01 email"]
[Site "FICGS email"]
[Date "2018.03.02"]
[Round "1"]
[White "Faust, Dieter"]
[Black "Duenas, Alexis"]
[Result "1-0"]
[WhiteElo "1769"]
[BlackElo "1750"]
[PlyCount "73"]
[EventDate "2018.??.??"]
[EventType "tourn (corr)"]
[EventRounds "8"]
[SourceTitle "Corr 2022"]
[Source "ChessBase"]
[SourceDate "2021.10.24"]
[SourceVersion "1"]
[SourceVersionDate "2021.10.24"]
[SourceQuality "1"]

1. d4 Nf6 2. c4 e6 3. Nf3 b6 4. g3 Ba6 5. b3 Bb4+ 6. Bd2 Be7 7. Bg2 c6 8. Bc3 d5 9. Nbd2 0-0 10. Ne5 Nfd7 11. Nd3 Bb7 12. e4 dxe4 13. Nxe4 Nf6 14. Nxf6+ Bxf6 15. Ne5 Nd7 16. f4 Qc7 17. 0-0 c5 18. Bxb7 Qxb7 19. d5 exd5 20. Qxd5 Qxd5 21. cxd5 Bxe5 22. fxe5 Rfe8 23. Rfe1 b5 24. Rad1 b4 25. Bb2 a5 26. Re2 a4 27. Kg2 Nb6 28. d6 Nd7 29. Kf3 a3 30. Ba1 Re6 31. g4 g5 32. h4 gxh4 33. g5 Rae8 34. Kf4 h6 35. gxh6 Rf6+ 36. Ke4 Rfe6 37. Kd5 1-0

[Event "FICGS class C 000259 email"]
[Site "FICGS email"]
[Date "2017.06.20"]
[Round "1"]
[White "Duenas, Alexis"]
[Black "Rodriguez Perez, Rene"]
[Result "1/2-1/2"]
[WhiteElo "1927"]
[BlackElo "1903"]
[PlyCount "39"]
[EventDate "2017.??.??"]
[EventType "tourn (corr)"]
[EventRounds "1"]
[SourceTitle "Corr 2022"]
[Source "ChessBase"]
[SourceDate "2021.10.24"]
[SourceVersion "1"]
[SourceVersionDate "2021.10.24"]
[SourceQuality "1"]

1. d4 e6 2. Nf3 Nf6 3. c4 d5 4. Nc3 dxc4 5. e3 a6 6. a4 c5 7. Bxc4 Nc6 8. 0-0 Be7 9. dxc5 Qxd1 10. Rxd1 Bxc5 11. b3 Bd7 12. Bb2 Rd8 13. Rac1 0-0 14. Ne2 Be7 15. Ned4 Rfe8 16. Nxc6 Bxc6 17. Ne5 Rxd1+ 18. Rxd1 Bd5 19. f3 Bxc4 20. bxc4 1/2-1/2

[Event "FICGS class C 000258 email"]
[Site "FICGS email"]
[Date "2017.05.09"]
[Round "1"]
[White "Duenas, Alexis"]
[Black "Brotherton, Trevor S"]
[Result "1/2-1/2"]
[WhiteElo "1927"]
[BlackElo "1973"]
[PlyCount "38"]
[EventDate "2017.??.??"]
[EventType "tourn (corr)"]
[EventRounds "1"]
[SourceTitle "Corr 2022"]
[Source "ChessBase"]
[SourceDate "2021.10.24"]
[SourceVersion "1"]
[SourceVersionDate "2021.10.24"]
[SourceQuality "1"]

1. d4 Nf6 2. c4 e6 3. Nc3 c5 4. d5 exd5 5. cxd5 d6 6. e4 g6 7. f4 Bg7 8. Nf3 0-0 9. Be2 Bg4 10. 0-0 Nbd7 11. a4 a6 12. a5 Nh5 13. f5 Qe7 14. Ra4 Rab8 15. Bg5 Bf6 16. Bxf6 Nhxf6 17. Nd2 Bxe2 18. Qxe2 Ne5 19. Qe3 Kg7 1/2-1/2

[Event "FICGS class C 000258 email"]
[Site "FICGS email"]
[Date "2017.05.09"]
[Round "1"]
[White "Duenas, Alexis"]
[Black "Duttagupta, Aniruddha"]
[Result "0-1"]
[WhiteElo "1927"]
[BlackElo "1786"]
[PlyCount "42"]
[EventDate "2017.??.??"]
[EventType "tourn (corr)"]
[EventRounds "1"]
[SourceTitle "Corr 2022"]
[Source "ChessBase"]
[SourceDate "2021.10.24"]
[SourceVersion "1"]
[SourceVersionDate "2021.10.24"]
[SourceQuality "1"]

1. d4 Nf6 2. c4 g6 3. Nc3 Bg7 4. e4 d6 5. f4 c5 6. d5 0-0 7. Nf3 e6 8. Be2 exd5 9. cxd5 Bg4 10. 0-0 Nbd7 11. a4 a6 12. a5 Nh5 13. f5 Qe7 14. Bg5 Bf6 15. Bxf6 Nhxf6 16. Nd2 Ne5 17. Bxg4 Nfxg4 18. Qe2 Nf6 19. Qe3 Rae8 20. Ra3 Kh8 21. Nd1 Kg7 0-1

[Event "FICGS class C 000256 email"]
[Site "FICGS email"]
[Date "2017.04.02"]
[Round "1"]
[White "Duenas, Alexis"]
[Black "Blythe, Doug"]
[Result "1-0"]
[WhiteElo "1851"]
[BlackElo "1800"]
[PlyCount "39"]
[EventDate "2017.??.??"]
[EventType "tourn (corr)"]
[EventRounds "1"]
[SourceTitle "Corr 2022"]
[Source "ChessBase"]
[SourceDate "2021.10.24"]
[SourceVersion "1"]
[SourceVersionDate "2021.10.24"]
[SourceQuality "1"]

1. d4 e6 2. Nf3 f5 3. g3 Nf6 4. Bg2 Be7 5. 0-0 0-0 6. c4 d6 7. Nc3 Qe8 8. b3 Nbd7 9. Bb2 Qh5 10. e3 g5 11. Ne1 Qg6 12. f4 Ng4 13. Qe2 Ndf6 14. Nd3 c6 15. e4 Nh6 16. fxg5 Qxg5 17. Bc1 Qg7 18. Bxh6 Qxh6 19. exf5 Ng4 20. Qxg4+ 1-0

[Event "FICGS class C 000256 email"]
[Site "FICGS email"]
[Date "2017.04.02"]
[Round "1"]
[White "Duenas, Alexis"]
[Black "Maceda, Coco"]
[Result "1/2-1/2"]
[WhiteElo "1851"]
[BlackElo "1944"]
[PlyCount "81"]
[EventDate "2017.??.??"]
[EventType "tourn (corr)"]
[EventRounds "1"]
[SourceTitle "Corr 2022"]
[Source "ChessBase"]
[SourceDate "2021.10.24"]
[SourceVersion "1"]
[SourceVersionDate "2021.10.24"]
[SourceQuality "1"]

1. d4 d5 2. c4 c6 3. Nf3 Nf6 4. e3 e6 5. Nc3 Nbd7 6. Bd3 dxc4 7. Bxc4 b5 8. Bd3 Bb7 9. e4 b4 10. Na4 c5 11. e5 Nd5 12. Nxc5 Nxc5 13. dxc5 Bxc5 14. 0-0 h6 15. Nd2 Qc7 16. Re1 0-0 17. Ne4 Bd4 18. Nd6 Bxe5 19. Nxb7 Bf6 20. Qg4 Qxb7 21. Bxh6 Bxb2 22. Qe4 Rfe8 23. Qh7+ Kf8 24. Bg5 f6 25. Be3 f5 26. Rad1 Nf6 27. Qh4 a5 28. Bg5 Kg8 29. g4 Nxg4 30. Rxe6 Rxe6 31. Bxf5 Qc6 32. Qh7+ Kf8 33. Bxg4 Rae8 34. Qh8+ Kf7 35. Qh5+ Kg8 36. Bf3 Re4 37. Bf4 Rf8 38. Rd6 Qc4 39. Kg2 Be5 40. Bxe5 Rxf3 41. Qxf3 1/2-1/2

[Event "FICGS class C 000256 email"]
[Site "FICGS email"]
[Date "2017.04.02"]
[Round "1"]
[White "Faust, Dieter"]
[Black "Duenas, Alexis"]
[Result "1/2-1/2"]
[WhiteElo "1851"]
[BlackElo "1851"]
[PlyCount "30"]
[EventDate "2017.??.??"]
[EventType "tourn (corr)"]
[EventRounds "1"]
[SourceTitle "Corr 2022"]
[Source "ChessBase"]
[SourceDate "2021.10.24"]
[SourceVersion "1"]
[SourceVersionDate "2021.10.24"]
[SourceQuality "1"]

1. e4 c5 2. Nf3 d6 3. Bb5+ Bd7 4. c4 Nf6 5. Nc3 a6 6. Bxd7+ Nbxd7 7. 0-0 e6 8. d4 cxd4 9. Qxd4 Be7 10. b3 Qa5 11. Bd2 Qh5 12. h3 0-0 13. Rfe1 h6 14. Rac1 Rfc8 15. Qd3 Ne5 1/2-1/2

[Event "FICGS class C 000255 email"]
[Site "FICGS email"]
[Date "2017.03.03"]
[Round "1"]
[White "Duenas, Alexis"]
[Black "Kappel, Douglas"]
[Result "1/2-1/2"]
[WhiteElo "1851"]
[BlackElo "1800"]
[PlyCount "41"]
[EventDate "2017.??.??"]
[EventType "tourn (corr)"]
[EventRounds "1"]
[SourceTitle "Corr 2022"]
[Source "ChessBase"]
[SourceDate "2021.10.24"]
[SourceVersion "1"]
[SourceVersionDate "2021.10.24"]
[SourceQuality "1"]

1. d4 Nf6 2. c4 g6 3. Nc3 d5 4. cxd5 Nxd5 5. e4 Nxc3 6. bxc3 Bg7 7. Bc4 c5 8. Ne2 Nc6 9. Be3 0-0 10. 0-0 Bg4 11. f3 Bd7 12. Rb1 Qc7 13. Bf4 Qc8 14. d5 Na5 15. Bd3 e6 16. Qd2 exd5 17. exd5 c4 18. Bc2 Qc5+ 19. Be3 Qd6 20. Bf4 Qc5+ 21. Be3 1/2-1/2

[Event "FICGS class C 000255 email"]
[Site "FICGS email"]
[Date "2017.03.03"]
[Round "1"]
[White "Duenas, Alexis"]
[Black "Satonnet, Patrick"]
[Result "0-1"]
[WhiteElo "1851"]
[BlackElo "1983"]
[PlyCount "54"]
[EventDate "2017.??.??"]
[EventType "tourn (corr)"]
[EventRounds "1"]
[SourceTitle "Corr 2022"]
[Source "ChessBase"]
[SourceDate "2021.10.24"]
[SourceVersion "1"]
[SourceVersionDate "2021.10.24"]
[SourceQuality "1"]

1. d4 d5 2. c4 dxc4 3. Nf3 a6 4. g3 b5 5. Bg2 Bb7 6. b3 cxb3 7. axb3 e6 8. 0-0 Nd7 9. e4 Ngf6 10. e5 Nd5 11. Ng5 h6 12. Qh5 g6 13. Qh3 Be7 14. Ne4 h5 15. Nbc3 b4 16. Na4 Kf8 17. Bd2 Bc6 18. Rfc1 Bxa4 19. Rxa4 Kg7 20. Bh1 a5 21. Raa1 a4 22. bxa4 Ra5 23. Rcb1 Qa8 24. Nf6 Bxf6 25. Bxd5 Rxd5 26. exf6+ Nxf6 27. Bxb4 h4 0-1

[Event "FICGS class C 000255 email"]
[Site "FICGS email"]
[Date "2017.03.03"]
[Round "1"]
[White "Vasquez, Fernando Jose Pinto"]
[Black "Duenas, Alexis"]
[Result "1/2-1/2"]
[WhiteElo "1889"]
[BlackElo "1851"]
[PlyCount "54"]
[EventDate "2017.??.??"]
[EventType "tourn (corr)"]
[EventRounds "1"]
[SourceTitle "Corr 2022"]
[Source "ChessBase"]
[SourceDate "2021.10.24"]
[SourceVersion "1"]
[SourceVersionDate "2021.10.24"]
[SourceQuality "1"]

1. e4 c5 2. c3 d5 3. exd5 Qxd5 4. d4 e6 5. Nf3 Nf6 6. Be2 Be7 7. 0-0 0-0 8. Be3 cxd4 9. cxd4 Nc6 10. Nc3 Qd6 11. Rc1 b6 12. Nb5 Qd7 13. Ne5 Nxe5 14. dxe5 Nd5 15. Nc7 Nxe3 16. fxe3 Rb8 17. Na6 Qxd1 18. Rcxd1 Bxa6 19. Bxa6 Rfd8 20. Kf2 Rxd1 21. Rxd1 Rd8 22. Rd4 Rxd4 23. exd4 Bg5 24. Be2 Kf8 25. g4 Bc1 26. b3 Ke7 27. Kf3 a5 1/2-1/2

[Event "FICGS class C 000253 email"]
[Site "FICGS email"]
[Date "2016.12.31"]
[Round "1"]
[White "Bukharin, Alexey"]
[Black "Duenas, Alexis"]
[Result "1-0"]
[WhiteElo "1994"]
[BlackElo "1900"]
[PlyCount "57"]
[EventDate "2016.??.??"]
[EventType "tourn (corr)"]
[EventRounds "1"]
[SourceTitle "Corr 2022"]
[Source "ChessBase"]
[SourceDate "2021.10.24"]
[SourceVersion "1"]
[SourceVersionDate "2021.10.24"]
[SourceQuality "1"]

1. e4 c5 2. Nf3 d6 3. d4 cxd4 4. Nxd4 Nf6 5. Nc3 a6 6. Bg5 e6 7. f4 h6 8. Bh4 Qb6 9. a3 Be7 10. Bf2 Qc7 11. Qf3 Nbd7 12. 0-0-0 b5 13. g4 g5 14. Bg2 Bb7 15. f5 e5 16. Nb3 h5 17. h3 Bc6 18. Qe2 Rc8 19. Rd2 Nb6 20. Na5 Ba8 21. Rd3 Nc4 22. Nxc4 bxc4 23. Re3 Qb7 24. Bf3 hxg4 25. hxg4 Rxh1+ 26. Bxh1 Bd8 27. Rh3 Rb8 28. Nd1 c3 29. Rxc3 1-0

[Event "FICGS class C 000253 email"]
[Site "FICGS email"]
[Date "2016.12.31"]
[Round "1"]
[White "Duenas, Alexis"]
[Black "Cirulis, Ilmars"]
[Result "1/2-1/2"]
[WhiteElo "1900"]
[BlackElo "1866"]
[PlyCount "107"]
[EventDate "2016.??.??"]
[EventType "tourn (corr)"]
[EventRounds "1"]
[SourceTitle "Corr 2022"]
[Source "ChessBase"]
[SourceDate "2021.10.24"]
[SourceVersion "1"]
[SourceVersionDate "2021.10.24"]
[SourceQuality "1"]

1. d4 e6 2. c4 Nf6 3. g3 Bb4+ 4. Bd2 Be7 5. Bg2 d5 6. Qc2 Nbd7 7. Nf3 0-0 8. 0-0 c6 9. Bf4 b6 10. Rd1 Bb7 11. Nc3 dxc4 12. Nd2 Nd5 13. Nxc4 Nxf4 14. gxf4 Rc8 15. Rac1 Qc7 16. e3 Rfd8 17. a3 Nf8 18. f5 c5 19. d5 Ba6 20. Nd2 exf5 21. Qxf5 Ng6 22. Be4 Rd6 23. a4 Rf6 24. Qh3 Nf8 25. Bf5 Rh6 26. Qg3 Bd6 27. f4 Rd8 28. Nde4 Ng6 29. Nxd6 Qxd6 30. Bc2 Bb7 31. Rd2 Bc8 32. Ne4 Qf8 33. Ng5 f6 34. f5 fxg5 35. fxg6 hxg6 36. Rf1 Qe8 37. Qxg5 Rh5 38. Qf4 Ba6 39. Rfd1 Re5 40. e4 Rd6 41. Qg3 Qe7 42. Kh1 Bc8 43. Rf2 Rg5 44. Qb3 Rh5 45. Rg1 Rh3 46. Rg3 Qh4 47. Kg1 Rf6 48. Qe3 a5 49. b3 Qh5 50. Rxf6 Rxg3+ 51. Qxg3 gxf6 52. Kf2 g5 53. Ke3 Qg4 54. Qxg4 1/2-1/2

[Event "FICGS class C 000253 email"]
[Site "FICGS email"]
[Date "2016.12.31"]
[Round "1"]
[White "Duenas, Alexis"]
[Black "De la Foret, Fred"]
[Result "1-0"]
[WhiteElo "1900"]
[BlackElo "1900"]
[PlyCount "27"]
[EventDate "2016.??.??"]
[EventType "tourn (corr)"]
[EventRounds "1"]
[SourceTitle "Corr 2022"]
[Source "ChessBase"]
[SourceDate "2021.10.24"]
[SourceVersion "1"]
[SourceVersionDate "2021.10.24"]
[SourceQuality "1"]

1. d4 f5 2. Nf3 Nf6 3. g3 e6 4. Bg2 Be7 5. 0-0 0-0 6. c4 c5 7. Nc3 Ne4 8. Qd3 Nxc3 9. Qxc3 Bf6 10. Be3 Nc6 11. Qd2 cxd4 12. Nxd4 Ne5 13. b3 Ng4 14. Rad1 1-0

[Event "FICGS class C 000253 email"]
[Site "FICGS email"]
[Date "2016.12.31"]
[Round "1"]
[White "Koivuniemi, Raimo"]
[Black "Duenas, Alexis"]
[Result "1-0"]
[WhiteElo "1965"]
[BlackElo "1900"]
[PlyCount "61"]
[EventDate "2016.??.??"]
[EventType "tourn (corr)"]
[EventRounds "1"]
[SourceTitle "Corr 2022"]
[Source "ChessBase"]
[SourceDate "2021.10.24"]
[SourceVersion "1"]
[SourceVersionDate "2021.10.24"]
[SourceQuality "1"]

1. d4 Nf6 2. c4 e6 3. g3 d5 4. Bg2 Be7 5. Nf3 0-0 6. 0-0 dxc4 7. Qc2 a6 8. a4 Bd7 9. Qxc4 Bc6 10. Bg5 Bd5 11. Qc2 Be4 12. Qc1 Nbd7 13. Nc3 Bc6 14. Qc2 h6 15. Bxf6 Nxf6 16. e4 b6 17. Rfd1 Bb7 18. Ne5 Rc8 19. Nc4 Qd7 20. Ne3 Bb4 21. Na2 Be7 22. b4 Rfd8 23. Rab1 b5 24. a5 h5 25. h3 h4 26. Nc3 hxg3 27. fxg3 c6 28. Qe2 Qc7 29. e5 Nd5 30. Ne4 Nxb4 31. Qh5 1-0

[Event "FICGS class C 000251 email"]
[Site "FICGS email"]
[Date "2016.11.28"]
[Round "1"]
[White "Bukharin, Alexey"]
[Black "Duenas, Alexis"]
[Result "1/2-1/2"]
[WhiteElo "1994"]
[BlackElo "1900"]
[PlyCount "67"]
[EventDate "2016.??.??"]
[EventType "tourn (corr)"]
[EventRounds "1"]
[SourceTitle "Corr 2022"]
[Source "ChessBase"]
[SourceDate "2021.10.24"]
[SourceVersion "1"]
[SourceVersionDate "2021.10.24"]
[SourceQuality "1"]

1. e4 c5 2. Nf3 d6 3. d4 cxd4 4. Nxd4 Nf6 5. Nc3 a6 6. Bg5 e6 7. f4 h6 8. Bh4 Qb6 9. a3 Be7 10. Bf2 Qc7 11. Bd3 Nbd7 12. Qe2 b5 13. 0-0-0 Bb7 14. g4 Nc5 15. h4 d5 16. e5 Nfe4 17. Bxe4 Nxe4 18. Nxe4 dxe4 19. Rh3 Qc4 20. Qxc4 bxc4 21. h5 Rc8 22. Ne2 f6 23. Bd4 Rg8 24. Ng3 Kf7 25. Re1 Rgd8 26. Bc3 e3 27. Nf1 fxe5 28. Bxe5 c3 29. Rhxe3 cxb2+ 30. Kxb2 Rc5 31. Rb3 Bc6 32. Ne3 Rd7 33. c4 Bf3 34. Rf1 1/2-1/2

[Event "FICGS class C 000251 email"]
[Site "FICGS email"]
[Date "2016.11.28"]
[Round "1"]
[White "Duenas, Alexis"]
[Black "De la Foret, Fred"]
[Result "1-0"]
[WhiteElo "1900"]
[BlackElo "1900"]
[PlyCount "51"]
[EventDate "2016.??.??"]
[EventType "tourn (corr)"]
[EventRounds "1"]
[SourceTitle "Corr 2022"]
[Source "ChessBase"]
[SourceDate "2021.10.24"]
[SourceVersion "1"]
[SourceVersionDate "2021.10.24"]
[SourceQuality "1"]

1. d4 f5 2. Nf3 Nf6 3. g3 e6 4. Bg2 Be7 5. 0-0 0-0 6. c4 c5 7. d5 exd5 8. cxd5 d6 9. Nc3 Na6 10. Nd2 b6 11. Nc4 Nc7 12. a4 Ba6 13. Na3 Bb7 14. Nc4 Qd7 15. Rb1 Rad8 16. b3 Ng4 17. h3 Ne5 18. f4 Ng6 19. Bb2 Bf6 20. Na2 Qf7 21. Bxf6 Qxf6 22. Qd3 Ne7 23. Nc3 Na6 24. Rbd1 Nb4 25. Qd2 Qh6 26. Kh2 1-0

[Event "FICGS class C 000249 email"]
[Site "FICGS email"]
[Date "2016.11.13"]
[Round "1"]
[White "Duenas, Alexis"]
[Black "Voudouris, Nick"]
[Result "1-0"]
[WhiteElo "1900"]
[BlackElo "1804"]
[PlyCount "103"]
[EventDate "2016.??.??"]
[EventType "tourn (corr)"]
[EventRounds "1"]
[SourceTitle "Corr 2022"]
[Source "ChessBase"]
[SourceDate "2021.10.24"]
[SourceVersion "1"]
[SourceVersionDate "2021.10.24"]
[SourceQuality "1"]

1. d4 d5 2. c4 e6 3. Nf3 c6 4. g3 Bd6 5. Bg2 f5 6. 0-0 Nf6 7. Bf4 0-0 8. Nc3 Bxf4 9. gxf4 dxc4 10. Ne5 b5 11. e3 Nd5 12. Rc1 Bb7 13. b3 cxb3 14. Qxb3 a5 15. Na4 Na6 16. Nc5 Nxc5 17. Rxc5 a4 18. Qc2 Rc8 19. Bxd5 exd5 20. Kh1 Rf6 21. Rg1 Qd6 22. Rg5 Rcf8 23. Qb1 h6 24. Rg3 Kh7 25. h4 Rb8 26. h5 Ba8 27. Rc1 Qd8 28. Rcg1 Rb7 29. Kh2 b4 30. Rg6 Qe8 31. Qd3 a3 32. Kg3 Qc8 33. Qa6 Qd8 34. Qa4 Rf8 35. Qxc6 Rc7 36. Qa6 Rg8 37. Rb1 Rb7 38. Rc1 Qe8 39. Rcc6 Re7 40. Rb6 Qc8 41. Rxb4 Rc7 42. Qxa3 Bc6 43. Rb6 Be8 44. Qd6 Ra7 45. Kh2 Kh8 46. Qxd5 Bxg6 47. hxg6 Rf8 48. Nf7+ Raxf7 49. gxf7 Qc7 50. Rb7 Qc2 51. Kg2 Kh7 52. Qe6 1-0

[Event "FICGS W-ch st1 g09 email"]
[Site "FICGS email"]
[Date "2016.11.02"]
[Round "1"]
[White "Duenas, Alexis"]
[Black "Kirali, Hasan"]
[Result "1-0"]
[WhiteElo "1900"]
[BlackElo "1606"]
[PlyCount "77"]
[EventDate "2016.??.??"]
[EventType "tourn (corr)"]
[EventRounds "8"]
[SourceTitle "Corr 2022"]
[Source "ChessBase"]
[SourceDate "2021.10.24"]
[SourceVersion "1"]
[SourceVersionDate "2021.10.24"]
[SourceQuality "1"]

1. d4 d5 2. c4 c6 3. Nf3 Nf6 4. g3 dxc4 5. Bg2 b5 6. Ne5 Bb7 7. 0-0 e6 8. a4 a6 9. Nc3 Qb6 10. b3 cxb3 11. Qxb3 Qxd4 12. Bb2 Qb4 13. Qc2 Qc5 14. Nd3 Qb6 15. axb5 axb5 16. Rxa8 Bxa8 17. Nxb5 cxb5 18. Qc8+ Qd8 19. Qxd8+ Kxd8 20. Bxa8 Nbd7 21. Bc6 b4 22. Rc1 Bd6 23. e4 Ne8 24. e5 Be7 25. Bd4 Nc7 26. Rc4 Nd5 27. Bb7 Nc7 28. Nxb4 Bxb4 29. Rxb4 Ke7 30. f4 f6 31. exf6+ gxf6 32. Be4 h6 33. Rb7 Kd6 34. f5 exf5 35. Bxf5 Ne6 36. Bc3 Nec5 37. Rb1 Ra8 38. Rd1+ Kc7 39. Bd4 1-0

[Event "FICGS W-ch st1 g09 email"]
[Site "FICGS email"]
[Date "2016.11.02"]
[Round "1"]
[White "Duenas, Alexis"]
[Black "Salonen, Jukka"]
[Result "1/2-1/2"]
[WhiteElo "1900"]
[BlackElo "1896"]
[PlyCount "66"]
[EventDate "2016.??.??"]
[EventType "tourn (corr)"]
[EventRounds "8"]
[SourceTitle "Corr 2022"]
[Source "ChessBase"]
[SourceDate "2021.10.24"]
[SourceVersion "1"]
[SourceVersionDate "2021.10.24"]
[SourceQuality "1"]

1. d4 d5 2. c4 e6 3. Nf3 Nf6 4. g3 dxc4 5. Bg2 c5 6. 0-0 Nc6 7. Qa4 Bd7 8. Qxc4 Rc8 9. dxc5 Na5 10. Qh4 Rxc5 11. Nc3 Be7 12. Qd4 0-0 13. Ne5 Nc6 14. Nxc6 Bxc6 15. Qxd8 Rxd8 16. Be3 Ra5 17. Rfd1 Rc8 18. a3 h6 19. Bxc6 Rxc6 20. h3 Kh7 21. Kg2 Kg6 22. Bd4 e5 23. Be3 Kf5 24. Bd2 Rac5 25. e4+ Kg6 26. Be3 Rc4 27. Bxa7 Nxe4 28. Nxe4 Rxe4 29. Rd7 Bc5 30. Bxc5 Rxc5 31. Rxb7 Re2 32. Rf1 Rcc2 33. b3 Ra2 1/2-1/2